|
|
|
|
| LEADER |
01007nam a2200265 a 4500 |
| 001 |
4627803 |
| 008 |
100616s1979 nyua b 001 0 eng d |
| 010 |
|
|
|a 78008552
|
| 020 |
|
|
|a 007042327X
|
| 040 |
|
|
|a DLC
|c DLC
|d DLC
|d DB-DhAAL
|
| 082 |
0 |
0 |
|a 621.381/73
|2 19
|
| 100 |
1 |
|
|a Millman, Jacob,
|d 1911-
|
| 245 |
1 |
0 |
|a Microelectronics :
|b digital and analog circuits and systems /
|c Jacob Millman.
|
| 260 |
|
|
|a New York :
|b McGraw-Hill,
|c c1979.
|
| 300 |
|
|
|a xxviii, 881 p. :
|b ill. ;
|c 24 cm.
|
| 490 |
0 |
|
|a McGraw-Hill series in electrical engineering
|
| 504 |
|
|
|a Includes bibliographies and index.
|
| 541 |
1 |
|
|e 00009892
|
| 650 |
|
0 |
|a Integrated circuits.
|
| 650 |
|
0 |
|a Microelectronics.
|
| 650 |
|
0 |
|a Electronic circuit design.
|
| 650 |
|
0 |
|a Digital electronics.
|
| 852 |
4 |
|
|a Ayesha Abed Library
|j General Shelf.
|
| 999 |
|
|
|c 8961
|d 8961
|
| 952 |
|
|
|0 0
|1 0
|2 ddc
|4 0
|6 621_381000000000000_73_MIL_1979
|7 0
|9 11025
|a BRACUL
|b BRACUL
|c GEN
|d 2010-06-16
|l 7
|m 85
|o 621.38173 MIL
|p 3010009892
|r 2024-07-02
|s 2022-11-23
|t 1
|w 2010-06-16
|y BK
|